Uncharted 4 quiz - Statistics

General Stats
  • This quiz has been taken 1,038 times
  • The average score is 8 of 15
Answer Stats
Questions Answer % Correct
When was the game released? 2016
95%
How many different characters do you play as? 3
94%
What is the main character's full name? Nathan Drake
90%
What company made uncharted 4? naughty dog
90%
How many chapters are in the game? 22
88%
How many countries do you go to in the game? 6
83%
How many towers are in madagascar? 12
80%
Who is Rafe's sidekick? Nadine
76%
What is the name of Nathan's daughter? Cassie
35%
Who plays Sam Drake? troy baker
31%
Where does nathan find avery's cross Italy
23%
Where is the treasure? Avery's ship
15%
Who is sam married to? nobody
12%
Why does Rafe want the treasure? He wants the glory
11%
How did Sam get out of jail? Rafe freed him
2%
No matching quizzes found
Score Distribution
Percent of People with Each Score
Percentile by Number Answered
Your Score History
You have not taken this quiz